000 01011nam0a2200325 4500
001 RU\NLR\BIBL_A\022565628
005 20260420045647.0
010 _a978-5-04-216038-7
_92000
021 _aRU
_bКН-П-25-022720
_9КН-П-25-2290
035 _a(NLR Aleph) 022565628
090 _a13675024
_c13675024
100 _a20250611d2025 u y0rusy50 ca
101 0 _arus
102 _aRU
105 _aa z 000ay
181 0 _ai
_baxxe
182 0 _an
200 1 _aФранцузское наследство
_fЕлена Дорош
203 _aТекст
_bвизуальный
_cнепосредственный
210 _aМосква
_cЭксмо
_d2025
215 _a318 с.
_cил.
_d16
225 1 _aВечерний детектив
333 _a16+
686 2 _aШ6(2=Р)8-446
700 1 _7ca
_8rus
_aДорош
_bЕ.
_gЕлена
_92647667
_3RU\NLR\AUTH\770275700
942 _cBOOK
980 _aNB